000 00849cam a2200217 4500
001 WB4006-03
008 040211n2004 000 0 eng u
035 _a(Sirsi) u125104
245 _aLondon Plan launched
260 _c2004
490 _aGreater London Authority News Release
_v(052) 10 February 2004 (2)
520 _aThe Greater London Authority has published the "London Plan", setting out the development strategy for London over the next 10 years. It will implement draft plans for affordable housing and density targets into planning guidance, with statutory force. http://www.london.gov.uk/view_press_release.jsp?re leaseid=2422
590 _aWB
590 _aWB
650 _aLONDON
650 _aAffordable housing
_96215
650 _aSUSTAINABLE HOUSING
650 _aLONDON PLAN
690 _aDEVELOPMENT
942 _n0
999 _c117012
_d117012